000 00244nam a2200097Ia 4500
001 715180
005 20250826162919.0
008 250824s9999 xx 000 0 und d
245 0 _aKUMRAL ADA MAVİ TUNA
_cBUKET UZUNER
260 _bEVEREST YAYINLARI
999 _c715180
_d715180